[Event "Bordeaux"]
[Site "Bordeaux"]
[Date "2013.10.31"]
[Round "8"]
[White "Roch, Florian"]
[Black "Maisonnet, Emmanuel"]
[Result "1-0"]
[WhiteElo "1787"]
[BlackElo "1694"]
[PlyCount "143"]
[EventDate "2013.10.26"]
[EventType "tourn"]
[EventRounds "9"]
[EventCountry "FRA"]
[SourceTitle "EXT 2015"]
[Source "ChessBase"]
[SourceDate "2014.11.20"]
[SourceVersion "1"]
[SourceVersionDate "2014.11.20"]
[SourceQuality "1"]

1. Nf3 Nf6 2. g3 g6 3. Bg2 Bg7 4. 0-0 d5 5. d3 0-0 6. c4 c5 7. Qc2 Nc6 8. cxd5 Nxd5 9. Qxc5 Na5 10. Nc3 Nxc3 11. bxc3 b6 12. Qa3 Bb7 13. Bb2 Qc7 14. c4 e5 15. Qc3 Rfe8 16. Rac1 Rac8 17. Ne1 Nc6 18. e3 f5 19. Bd5+ Kh8 20. Ng2 Qd7 21. f4 b5 22. Qd2 bxc4 23. Bxc4 e4 24. Bxg7+ Qxg7 25. d4 Ne7 26. Bb5 Bc6 27. Bxc6 Rxc6 28. Qa5 Rec8 29. Rxc6 Nxc6 30. Qa6 Qd7 31. Rc1 Rc7 32. Qa3 Qd8 33. Qc5 a5 34. d5 Rd7 35. Qxc6 Rxd5 36. Qc3+ Kg8 37. Qb3 Kf8 38. Qc2 Ke8 39. Qc6+ Kf8 40. Qc8 Rd1+ 41. Kf2 Rd2+ 42. Kf1 Qxc8 43. Rxc8+ Kg7 44. a4 Ra2 45. Rc4 Kf6 46. h4 h5 47. Ne1 Ke6 48. Rd4 Rb2 49. Rc4 Ra2 50. Rc6+ Kd5 51. Rxg6 Rxa4 52. Rg5 Ra1 53. Rxf5+ Kc4 54. Rxh5 Kc3 55. Re5 a4 56. Rxe4 a3 57. Ra4 a2 58. Ke2 Kb3 59. Ra8 Kb2 60. Ng2 Rc1 61. Rxa2+ Kxa2 62. h5 Rh1 63. Nh4 Rb1 64. Kf3 Rb7 65. Kg4 Rg7+ 66. Ng6 Kb3 67. Kg5 Kc4 68. e4 Kc5 69. Kf6 Rh7 70. g4 Kd6 71. e5+ Kc5 72. e6 1-0

[Event "Bordeaux"]
[Site "Bordeaux"]
[Date "2013.10.26"]
[Round "1"]
[White "Maisonnet, Emmanuel"]
[Black "Alard, Pierre"]
[Result "0-1"]
[WhiteElo "1694"]
[BlackElo "1793"]
[PlyCount "66"]
[EventDate "2013.10.26"]
[EventType "tourn"]
[EventRounds "9"]
[EventCountry "FRA"]
[SourceTitle "EXT 2015"]
[Source "ChessBase"]
[SourceDate "2014.11.20"]
[SourceVersion "1"]
[SourceVersionDate "2014.11.20"]
[SourceQuality "1"]

1. d4 Nf6 2. c4 g6 3. Nc3 Bg7 4. e4 d6 5. f3 0-0 6. Be3 Nbd7 7. Bd3 e5 8. Nge2 exd4 9. Nxd4 c6 10. Qd2 Ne5 11. Be2 Re8 12. 0-0 Nh5 13. Rad1 Nf6 14. a3 a6 15. Rc1 c5 16. Nb3 Be6 17. Nd5 Nxd5 18. cxd5 Bd7 19. Na5 Rb8 20. b4 b6 21. Nc4 Nxc4 22. Bxc4 b5 23. Bb3 c4 24. Ba2 f5 25. Bb1 Qe7 26. Rfe1 Qf6 27. Kh1 Qb2 28. Qxb2 Bxb2 29. Rc2 Bxa3 30. Bd2 Rbc8 31. Ra2 c3 32. Bf4 Bxb4 33. Bc2 a5 0-1

[Event "Ambes op 3rd"]
[Site "Ambes"]
[Date "2010.04.25"]
[Round "2"]
[White "Maisonnet, Emmanuel"]
[Black "Chansavang, Albain"]
[Result "1/2-1/2"]
[WhiteElo "1742"]
[BlackElo "1652"]
[PlyCount "115"]
[EventDate "2010.04.24"]
[EventType "swiss"]
[EventRounds "9"]
[EventCountry "FRA"]
[SourceTitle "EXT 2011"]
[Source "ChessBase"]
[SourceDate "2010.11.26"]
[SourceVersion "1"]
[SourceVersionDate "2010.11.26"]
[SourceQuality "1"]

1. d4 Nf6 2. c4 e6 3. Nc3 Bb4 4. Qc2 d5 5. e3 c6 6. a3 Ba5 7. Nf3 Nbd7 8. Bd3 Bxc3+ 9. bxc3 Nb6 10. Ne5 dxc4 11. Nxc4 Nxc4 12. Bxc4 b5 13. Bd3 Qd5 14. e4 Qh5 15. Bf4 Qg4 16. Bg3 h5 17. h3 Qg5 18. e5 Nd5 19. h4 Qg4 20. Be4 Bd7 21. Bf3 Qf5 22. Qxf5 exf5 23. Kd2 Rd8 24. Rhc1 Nb6 25. Re1 Nc4+ 26. Kc2 Na5 27. a4 f4 28. Bxf4 Bf5+ 29. Be4 Bxe4+ 30. Rxe4 Rd5 31. axb5 Rxb5 32. c4 Nxc4 33. Rxa7 0-0 34. Ra6 Rb6 35. Rxb6 Nxb6 36. Kc3 Nd5+ 37. Kc4 Re8 38. Bd2 f6 39. Kc5 fxe5 40. Kxc6 Nf6 41. Rxe5 Rd8 42. Be3 Kf7 43. d5 Rc8+ 44. Kb6 Rd8 45. Kc6 Rxd5 46. Rxd5 Nxd5 47. Kd6 Ne7 48. g3 g6 49. Ke5 Kg7 50. Bg5 Nf5 51. Bf4 Kf7 52. f3 Kg7 53. g4 hxg4 54. fxg4 Nxh4 55. Bg5 Nf3+ 56. Kf4 Nh2 57. Kg3 Nxg4 58. Kxg4 1/2-1/2

[Event "Salon de Provence op 3rd"]
[Site "Salon de Provence"]
[Date "2008.04.18"]
[Round "7"]
[White "Maruejols, Claude"]
[Black "Maisonnet, Emmanuel"]
[Result "1-0"]
[WhiteElo "2043"]
[BlackElo "1670"]
[PlyCount "71"]
[EventDate "2008.04.14"]
[EventType "swiss"]
[EventRounds "7"]
[EventCountry "FRA"]
[SourceTitle "CBM 123 Extra"]
[Source "ChessBase"]
[SourceDate "2008.05.06"]
[SourceVersion "1"]
[SourceVersionDate "2008.05.06"]
[SourceQuality "1"]

1. d4 Nf6 2. c4 g6 3. Nc3 Bg7 4. e4 d6 5. Be2 c5 6. d5 0-0 7. Nf3 Nbd7 8. 0-0 Ng4 9. Ne1 Ngf6 10. f4 Ne8 11. Nc2 Nb6 12. Qd3 f5 13. Bf3 a6 14. Bd2 Qc7 15. a4 e5 16. dxe6 Bxe6 17. b3 Rd8 18. a5 Nc8 19. Ra2 Nf6 20. Ne3 Ne7 21. Rd1 fxe4 22. Bxe4 Nxe4 23. Qxe4 Bd7 24. Qxe7 Rde8 25. Ned5 Qc6 26. Qh4 Bd4+ 27. Kh1 Rf7 28. Re1 Rxe1+ 29. Bxe1 Kg7 30. Re2 Bf5 31. Qd8 Bd3 32. Ne7 Rxe7 33. Rxe7+ Kh6 34. Qf8+ Kh5 35. Rxh7+ Kg4 36. h3# 1-0